| 000 | 00770cad a22002055a 4500 | ||
|---|---|---|---|
| 001 | L155431 | ||
| 008 | 120321s2012 xxk f 000 0 eng d | ||
| 035 | _a(Sirsi) u155431 | ||
| 041 | 0 | _aeng | |
| 110 | 2 |
_aRoyal Institute of British Architects _92527 |
|
| 245 | 0 | 0 |
_aRIBA future trends survey results for January 2012 _h[electronic resource] |
| 260 |
_aLondon _bRIBA _c2012 |
||
| 490 | _aRIBA Future Trends Survey | ||
| 520 | _aSummary of the latest RIBA Future Trends Survey. | ||
| 590 | _aKA | ||
| 651 | 4 |
_aUnited Kingdom _y |
|
| 690 | _aDesign and specification | ||
| 856 | 4 | 0 |
_uhttps://www.architecture.com/NewsAndPress/News/RIBANews/News/2012/RIBAFutureTrendsSurveyresultsforJanuary2012.aspx _zView the item free of charge at www.architecture.com |
| 942 | _n0 | ||
| 999 |
_c113569 _d113569 |
||